[Event "SRB-ch sf"]
[Site "Kragujevac"]
[Date "2019.03.11"]
[Round "6"]
[White "Kokic, Miljko"]
[Black "Stojanovic, Vladica"]
[Result "0-1"]
[WhiteElo "1595"]
[BlackElo "1840"]
[PlyCount "110"]
[EventDate "2019.03.08"]
[EventType "swiss"]
[EventRounds "9"]
[EventCountry "SRB"]
[SourceTitle "CBM 189 Extra"]
[Source "ChessBase"]
[SourceDate "2019.06.03"]
[SourceVersion "1"]
[SourceVersionDate "2019.06.03"]
[SourceQuality "1"]

1. e4 d6 2. Nf3 Nf6 3. Nc3 e5 4. h3 g6 5. d4 exd4 6. Nxd4 Bg7 7. Bg5 h6 8. Bh4 Nbd7 9. Bd3 0-0 10. 0-0 a6 11. Qd2 c5 12. Nf3 Qc7 13. Bg3 Ne5 14. Be2 Be6 15. Rad1 Rfd8 16. b3 b5 17. Nxe5 dxe5 18. Qe3 Rd4 19. Bf3 Rad8 20. Qc1 Ne8 21. Ne2 Rxd1 22. Rxd1 c4 23. Rxd8 Qxd8 24. Qb2 Qd6 25. a3 cxb3 26. cxb3 Qd1+ 27. Kh2 Qxb3 28. Qc1 Bc4 29. Nc3 Bd3 30. Bd1 Qc4 31. f3 Nc7 32. Qb2 Ne6 33. Bb3 Qc6 34. Nd5 Qd6 35. Qc3 Be2 36. Qb2 Bc4 37. Bxc4 bxc4 38. Be1 Nf4 39. Bb4 Qb8 40. Qc3 Nxd5 41. Qxc4 Nxb4 42. axb4 Bf6 43. Qxa6 Kg7 44. b5 Bd8 45. Qc6 h5 46. Qd7 h4 47. g3 Qb6 48. Kg2 hxg3 49. Qd2 Bg5 50. Qb2 Bf4 51. Qe2 Kf6 52. Qb2 Kg5 53. Qe2 Kh4 54. Qb2 Qe6 55. Qa3 Qxh3+ 0-1

[Event "SRB-ch sf"]
[Site "Kragujevac"]
[Date "2019.03.09"]
[Round "3"]
[White "Ivanovic, Marko"]
[Black "Kokic, Miljko"]
[Result "1-0"]
[WhiteElo "2231"]
[BlackElo "1595"]
[PlyCount "79"]
[EventDate "2019.03.08"]
[EventType "swiss"]
[EventRounds "9"]
[EventCountry "SRB"]
[SourceTitle "CBM 189 Extra"]
[Source "ChessBase"]
[SourceDate "2019.06.03"]
[SourceVersion "1"]
[SourceVersionDate "2019.06.03"]
[SourceQuality "1"]

1. e4 e5 2. Nc3 Nf6 3. Bc4 Nc6 4. d3 Na5 5. f4 Nxc4 6. dxc4 exf4 7. e5 Ng8 8. Bxf4 Bb4 9. Qd3 Qe7 10. 0-0-0 Bxc3 11. Qxc3 Qe6 12. Nf3 Ne7 13. Nd4 Qg4 14. Rhf1 0-0 15. Nb5 Ng6 16. Bg3 Qg5+ 17. Kb1 Qd8 18. e6 d6 19. exf7+ Rxf7 20. Rxf7 Kxf7 21. c5 a6 22. Qf3+ Kg8 23. cxd6 axb5 24. dxc7 Qf6 25. Qd5+ Qe6 26. Qd8+ Nf8 27. b3 Qa6 28. a4 bxa4 29. Bd6 Bg4 30. Bxf8 Bxd1 31. Bc5+ Kf7 32. c8Q Bxc2+ 33. Kxc2 axb3+ 34. Kxb3 Qa2+ 35. Kc3 Qa1+ 36. Kc4 Ra4+ 37. Kb5 Qb2+ 38. Kxa4 Qc2+ 39. Kb5 Qb3+ 40. Bb4 1-0